000 00598nam a2200181Ia 4500
003 GCL
008 140319s9999 xx 000 0 ara d
040 _aGCL /
_cGCL
082 0 4 _a539
_bم ن
100 1 _aمحمد اسماعيل عبداللطيف
245 1 0 _aالنظائر فى البحوث والانتاج /
_cمحمد اسماعيل عبداللطيف
700 1 _aاحمد على جنيدى
260 _a[S.N] :
_bمؤسسة الاهرام ،
_c1977
300 _a125 ص
490 _aالاسس التكنولوجية
_v0
650 0 4 _aالطاقة الذرية
942 _2ddc
_cBK
999 _c53697
_d53697